00580nam a22001337a 4500008004100000082001800041245019100059260003700250300001000287710002400297942001200321999001500333952009800348230612b xxu||||| |||| 00| 0 eng d a352.4908bKEN aThe Report of The Controller and Auditor-General together with The Appropriation Accounts Other Public Accounts and the Accounts of the Funds for the Year 2003/2004cGovernment of Kenya aKenyabGovernment of Kenyac2004 a552 p bGovernment of Kenya 2ddccBK c1094d1094 00102ddc4070a001b001d2023-06-12l0o352.4908 KENp100001588r2023-06-12w2023-06-12yBK